[Event "Ste Foy Fischer"]
[Site "Ste Foy"]
[Date "2016.10.29"]
[Round "3"]
[White "Dube, Daniel"]
[Black "Skakni, Ismael"]
[Result "1/2-1/2"]
[WhiteElo "1800"]
[BlackElo "1820"]
[PlyCount "60"]
[EventDate "2016.10.15"]
[EventType "swiss"]
[EventRounds "5"]
[EventCountry "CAN"]
[SourceTitle "EXT 2022"]
[Source "ChessBase"]
[SourceDate "2021.10.06"]
[SourceVersion "1"]
[SourceVersionDate "2021.10.06"]
[SourceQuality "1"]

1. e4 e5 2. Nf3 Nf6 3. Nxe5 d6 4. Nf3 Nxe4 5. c4 Be7 6. d4 d5 7. Nc3 Nxc3 8. bxc3 0-0 9. Bd3 Nc6 10. 0-0 Bg4 11. Bf4 Na5 12. cxd5 Qxd5 13. Bxc7 Rac8 14. Bxa5 Qxa5 15. c4 Qh5 16. h3 Bxf3 17. Qxf3 Qxf3 18. gxf3 Bf6 19. Rad1 g6 20. d5 Rfd8 21. a4 b6 22. Rfe1 Kf8 23. Rb1 Rc5 24. Rb5 Rxb5 25. axb5 Bd4 26. Re4 Bc5 27. Re2 Rd7 28. f4 Re7 29. Rd2 Bd6 30. f5 Kg7 1/2-1/2

[Event "Ste-Foy - Tal"]
[Site "Ste Foy"]
[Date "2015.12.05"]
[Round "3"]
[White "Sauve, Richard"]
[Black "Skakni, Ismael"]
[Result "1/2-1/2"]
[WhiteElo "1849"]
[BlackElo "1766"]
[PlyCount "103"]
[EventDate "2015.11.21"]
[EventType "swiss"]
[EventRounds "5"]
[EventCountry "CAN"]
[SourceTitle "EXT 2019"]
[Source "ChessBase"]
[SourceDate "2018.10.10"]
[SourceVersion "1"]
[SourceVersionDate "2018.10.10"]
[SourceQuality "1"]

1. d4 d5 2. c4 e6 3. Nc3 Nf6 4. Bg5 Be7 5. Nf3 c6 6. e3 Nbd7 7. Qc2 0-0 8. Bd3 g6 9. 0-0 b6 10. cxd5 cxd5 11. Rac1 a6 12. Qe2 Bb7 13. Rc2 b5 14. Nb1 Rc8 15. Rfc1 Rxc2 16. Qxc2 Qb8 17. Bf4 Qc8 18. Qd2 Qa8 19. Ne5 Rc8 20. Nc3 Nxe5 21. Bxe5 Nd7 22. Bg3 Bf6 23. Rd1 Bg7 24. Ne2 e5 25. Bb1 Nb6 26. b3 Nd7 27. Rc1 Rxc1+ 28. Qxc1 Qc8 29. Qxc8+ Bxc8 30. dxe5 Nxe5 31. Nd4 Bb7 32. Kf1 Nc6 33. Nxc6 Bxc6 34. Ke2 Kf8 35. Bd6+ Ke8 36. Kd3 Kd7 37. Bc5 Ke6 38. Bd4 Bf8 39. Bc2 Bd6 40. h3 Be7 41. Bd1 h5 42. g4 hxg4 43. hxg4 f6 44. f4 f5 45. g5 Bb4 46. Bf3 Bd6 47. Bb6 Bb4 48. Kd4 Kd6 49. Ba7 Ba3 50. Bb8+ Ke6 51. Be5 Be7 52. Bc7 1/2-1/2

[Event "Ste-Foy - Botvinnik"]
[Site "Ste Foy"]
[Date "2015.10.03"]
[Round "4"]
[White "Skakni, Ismael"]
[Black "Chouinard, Etienne"]
[Result "1/2-1/2"]
[WhiteElo "1720"]
[BlackElo "1810"]
[PlyCount "37"]
[EventDate "2015.09.12"]
[EventType "swiss"]
[EventRounds "5"]
[EventCountry "CAN"]
[SourceTitle "EXT 2019"]
[Source "ChessBase"]
[SourceDate "2018.10.10"]
[SourceVersion "1"]
[SourceVersionDate "2018.10.10"]
[SourceQuality "1"]

1. d4 d5 2. c4 e6 3. Nf3 Nf6 4. Nc3 Nbd7 5. e3 c6 6. Bd3 dxc4 7. Bxc4 b5 8. Bd3 Bb7 9. 0-0 a6 10. Re1 c5 11. Bd2 Nb6 12. Qe2 c4 13. Bc2 Be7 14. e4 Qc7 15. d5 exd5 16. exd5 Nbxd5 17. Rad1 0-0-0 18. Ne4 h6 19. Nc3 1/2-1/2

[Event "Ste Foy Tal"]
[Site "Ste Foy"]
[Date "2014.11.22"]
[Round "2"]
[White "Dube, Daniel"]
[Black "Skakni, Ismael"]
[Result "0-1"]
[WhiteElo "1947"]
[BlackElo "1690"]
[PlyCount "53"]
[EventDate "2014.11.15"]
[EventType "swiss"]
[EventRounds "5"]
[EventCountry "CAN"]
[SourceTitle "EXT 2022"]
[Source "ChessBase"]
[SourceDate "2021.10.06"]
[SourceVersion "1"]
[SourceVersionDate "2021.10.06"]
[SourceQuality "1"]

1. d4 d5 2. c4 c6 3. Nf3 Nf6 4. Qc2 e6 5. g3 Nbd7 6. Bg2 Be7 7. Nbd2 0-0 8. 0-0 b6 9. e4 Nxe4 10. Nxe4 dxe4 11. Qxe4 Ba6 12. Qc2 Bb7 13. Rd1 Qc8 14. Ng5 Bxg5 15. Re1 Nf6 16. Bf4 h6 17. Be4 Rd8 18. Qe2 c5 19. Bxb7 Qxb7 20. d5 exd5 21. Qh5 Qe7 22. Bd6 d4 23. Kh1 Rf8 24. Qg4 a5 25. h4 Qe6 26. Kg2 Qe4+ 27. Qxe4 0-1

[Event "Ste Foy Botwinnik"]
[Site "Ste Foy"]
[Date "2014.10.04"]
[Round "5"]
[White "Skakni, Ismael"]
[Black "Gaudreau, Eric"]
[Result "0-1"]
[WhiteElo "1676"]
[BlackElo "1749"]
[PlyCount "44"]
[EventDate "2014.09.06"]
[EventType "swiss"]
[EventRounds "5"]
[EventCountry "CAN"]
[SourceTitle "EXT 2022"]
[Source "ChessBase"]
[SourceDate "2021.10.06"]
[SourceVersion "1"]
[SourceVersionDate "2021.10.06"]
[SourceQuality "1"]

1. d4 g6 2. Nf3 Bg7 3. c4 d6 4. e4 Nd7 5. Nc3 Ngf6 6. Be2 0-0 7. 0-0 e5 8. d5 Nc5 9. Qc2 a5 10. Ne1 Ne8 11. Be3 b6 12. Nd3 Nxd3 13. Qxd3 f5 14. f3 f4 15. Bf2 g5 16. b4 axb4 17. Nb5 g4 18. a3 Qg5 19. axb4 Rxa1 20. Rxa1 g3 21. Be1 Qh4 22. h3 Bxh3 0-1

[Event "Ste Foy Samedi 04"]
[Site "Ste Foy"]
[Date "2014.04.05"]
[Round "1"]
[White "Cournoyer, Dominic"]
[Black "Skakni, Ismael"]
[Result "1/2-1/2"]
[WhiteElo "2005"]
[BlackElo "1650"]
[PlyCount "87"]
[EventDate "2014.04.05"]
[EventType "swiss"]
[EventRounds "5"]
[EventCountry "CAN"]
[SourceTitle "EXT 2022"]
[Source "ChessBase"]
[SourceDate "2021.10.06"]
[SourceVersion "1"]
[SourceVersionDate "2021.10.06"]
[SourceQuality "1"]

1. c4 Nf6 2. Nc3 c6 3. Nf3 d5 4. cxd5 cxd5 5. d4 e6 6. Bf4 Bd6 7. Bxd6 Qxd6 8. e3 Nc6 9. Bd3 0-0 10. 0-0 e5 11. dxe5 Nxe5 12. Nxe5 Qxe5 13. Qf3 d4 14. exd4 Qxd4 15. h3 Be6 16. Rfd1 Qb4 17. Rab1 Rfd8 18. a3 Qb3 19. Rd2 Rac8 20. Rbd1 Qb6 21. Qe2 Bb3 22. Re1 Re8 23. Qf1 Rxe1 24. Qxe1 Re8 25. Re2 Rxe2 26. Qxe2 Qe6 27. Qf3 Bd5 28. Qf4 g6 29. Nxd5 Qe1+ 30. Kh2 Nxd5 31. Qe4 Qxe4 32. Bxe4 Nf4 33. g3 f5 34. Bxb7 Nd3 35. b4 Nxf2 36. a4 Nd3 37. b5 Nc5 38. Bd5+ Kg7 39. a5 Kf6 40. Bc6 Ke5 41. a6 Na4 42. Kg2 h6 43. Kf3 g5 44. Ke3 1/2-1/2

[Event "Charlesbourg Khalif"]
[Site "Charlesbourg"]
[Date "2007.02.19"]
[Round "1"]
[White "Skakni, Ismael"]
[Black "Fecteau, Martin"]
[Result "0-1"]
[WhiteElo "1668"]
[BlackElo "2022"]
[PlyCount "92"]
[EventDate "2007.02.19"]
[EventType "swiss"]
[EventRounds "5"]
[EventCountry "CAN"]
[SourceTitle "EXT 2022"]
[Source "ChessBase"]
[SourceDate "2021.10.06"]
[SourceVersion "1"]
[SourceVersionDate "2021.10.06"]
[SourceQuality "1"]

1. d4 d5 2. Nf3 Nf6 3. c4 e6 4. Nc3 c6 5. e3 Bd6 6. Bd3 Nbd7 7. c5 Bc7 8. e4 dxe4 9. Nxe4 Nxe4 10. Bxe4 Ba5+ 11. Bd2 Bxd2+ 12. Qxd2 Qf6 13. Qg5 0-0 14. 0-0 h6 15. Qxf6 Nxf6 16. Rfe1 Nxe4 17. Rxe4 f6 18. Kf1 Bd7 19. Rae1 Rad8 20. b4 Bc8 21. a4 Rd5 22. b5 Bd7 23. Rb1 e5 24. Rb4 Bf5 25. Re3 cxb5 26. axb5 exd4 27. Nxd4 Rxc5 28. Nxf5 Rxf5 29. Ra3 Ra8 30. Rc3 Re5 31. Rc7 Rae8 32. g3 R8e7 33. b6 axb6 34. Rc8+ Re8 35. Rxe8+ Rxe8 36. Rxb6 Re7 37. h4 Kf7 38. g4 Ke8 39. g5 hxg5 40. hxg5 fxg5 41. Rb5 Kd8 42. Rxg5 Kc7 43. Kg2 Kc6 44. Rg6+ Kc5 45. Rg5+ Kb4 46. Rg4+ Ka5 0-1

[Event "Quebec Festival"]
[Site "Quebec"]
[Date "2006.06.19"]
[Round "1"]
[White "Skakni, Ismael"]
[Black "Poliquin, Yvone"]
[Result "0-1"]
[WhiteElo "1577"]
[BlackElo "1884"]
[PlyCount "77"]
[EventDate "2006.06.19"]
[EventType "swiss"]
[EventRounds "5"]
[EventCountry "CAN"]
[SourceTitle "EXT 2009"]
[Source "ChessBase"]
[SourceDate "2008.11.26"]
[SourceVersion "1"]
[SourceVersionDate "2008.11.26"]
[SourceQuality "1"]

1. d4 Nf6 2. Nf3 d5 3. e3 c5 4. c3 Nbd7 5. Nbd2 e6 6. Bd3 Be7 7. 0-0 0-0 8. Qe2 Qc7 9. e4 dxe4 10. Nxe4 b6 11. dxc5 Nxc5 12. Nxc5 Qxc5 13. Be3 Qh5 14. Ng5 Qxe2 15. Bxe2 Nd5 16. Bd2 h6 17. Nf3 Bd6 18. Rad1 Bb7 19. Rfe1 Rfd8 20. Nd4 Nf4 21. Bf1 a6 22. g3 Ng6 23. Bc1 Ne5 24. Bf4 Nf3+ 25. Nxf3 Bxf4 26. Rxd8+ Rxd8 27. Bg2 Bc7 28. Nd4 Bxg2 29. Kxg2 Kf8 30. Kf3 Rd6 31. Re3 b5 32. Ke2 Bb6 33. Re4 Bxd4 34. Rxd4 Rxd4 35. cxd4 Ke7 36. g4 Kd6 37. Kd3 Kd5 38. f3 b4 39. b3 0-1